<?xml version="1.0" encoding="UTF-8"?>
<collection xmlns="http://www.loc.gov/MARC21/slim">
 <record>
  <leader>00532nam a22001695a 4500</leader>
  <controlfield tag="001">EUN.um062716</controlfield>
  <controlfield tag="003">AR-BaUNS</controlfield>
  <controlfield tag="005">20050623122928.0</controlfield>
  <controlfield tag="008">041125s1995####ko#a##########000#0#spa#d</controlfield>
  <datafield tag="245" ind1="1" ind2="0">
   <subfield code="a">Historia de Corea /</subfield>
   <subfield code="c">Radio Corea internacional, KBS.</subfield>
  </datafield>
  <datafield tag="260" ind1=" " ind2=" ">
   <subfield code="a">Seúl :</subfield>
   <subfield code="b">Radio Corea internacional, KBS,</subfield>
   <subfield code="c">1995.</subfield>
  </datafield>
  <datafield tag="300" ind1=" " ind2=" ">
   <subfield code="a">223 p. :</subfield>
   <subfield code="b">ilus. ;</subfield>
   <subfield code="c">22,5 cm.</subfield>
  </datafield>
  <datafield tag="020" ind1=" " ind2=" ">
   <subfield code="a">8986625032</subfield>
  </datafield>
  <datafield tag="082" ind1="0" ind2="4">
   <subfield code="a">951.9</subfield>
  </datafield>
  <datafield tag="653" ind1=" " ind2=" ">
   <subfield code="a">Corea</subfield>
  </datafield>
  <datafield tag="110" ind1="2" ind2=" ">
   <subfield code="a">Radio Corea internacional, KBS</subfield>
   <subfield code="c">Seúl.</subfield>
  </datafield>
  <datafield tag="859" ind1=" " ind2=" ">
   <subfield code="a">Ar-BaUNS</subfield>
   <subfield code="b">BIB. CENTRAL - Sector C</subfield>
   <subfield code="h">951.9</subfield>
   <subfield code="i">R118</subfield>
   <subfield code="p">105045/996</subfield>
  </datafield>
 </record>
</collection>
